000 01140nam a22003377a 4500
001 0072612
003 KOHA_MİRAKIL
005 20260207005101.0
007 ta
008 241216b2007 tu |||gr||||#0|||1|tur |
020 _a9783125397071
040 _aTR-BiSEU
_btur
_cTR-BiSEU
_erda
041 0 _atur
044 _ctu
050 _aPE1112
_b.H49 2007
100 1 _aHewings, Martin.
245 1 _aEnglish pronunciation in use: advanced/
_cMartin Hewings ; Martin Hewings.
264 1 _aNew York :
_bCambridge University Press
_c2007
300 _a192 pages: illustrated; 20cm.
336 _ametin
_btxt
_2rdacontent
337 _aaracısız
_bn
_2rdamedia
338 _acilt
_bnc
_2rdacarrier
650 0 _aEnglish language--Textbooks, For Foreigners.
_9144892
650 0 _aEnglish language--Grammar--Studying and teaching.
_9144893
650 0 _aEnglish workbook.
_9144894
650 0 _aİngiliz dili--Ders kitapları, Yabancılar için.
_969131
650 0 _aİngiliz dili--Dilbilgisi--Öğrenim ve öğretim.
_962001
650 0 _aİngilizce çalışma kitabı.
_9144895
907 _aDilbilgisi
942 _2lcc
_cBK
999 _c73367
_d73367